000 00591nam a2200193Ia 4500
003 GCL
008 140319s9999 xx 000 0 ara d
040 _aGCL /
_cGCL
082 0 4 _a953.01
_bاد
100 1 _aاحمد ابوالفضل
245 1 0 _aدراسات فى العصر الجاهلى /
_cاحمد ابوالفضل
260 _a[S.N] :
_bالمجلس الاعلى لرعاية الفنون والاداب ،
_c1969
300 _a130 ص
490 _a
650 0 4 _aالعصر الجاهلى
650 0 4 _aالعالم العربى
650 0 4 _aتاريخ
942 _2ddc
_cBK
999 _c54653
_d54653